| 000 | 00476nam a2200193Ia 4500 | ||
|---|---|---|---|
| 005 | 20230821101614.0 | ||
| 008 | 131103s9999 xx 000 0 und d | ||
| 020 | _a312950586 | ||
| 040 | _aLoreto College | ||
| 041 | _aEnglish | ||
| 082 |
_aF _bHER |
||
| 100 | _aHerriot,James | ||
| 245 |
_aEvery living thing _cJames Herriot |
||
| 260 |
_aNew York _bSt.Martin's Paperbacks _c1992 |
||
| 300 | _a374 p. | ||
| 650 | _aFiction in English | ||
| 850 | _aLCLIB | ||
| 942 | _cBK | ||
| 999 |
_c14800 _d65279 |
||